000 00561nam a2200205Ia 4500
008 160418s9999 xx 000 0 und d
020 _a971-23-1155-4
050 _aFIL PL 5531
050 _b.N53 1993
100 _aNicasio, Paz N.
245 _aSariling panitikan :
245 _b(pahapyaw na kasaysayan) /
245 _cPaz N. Nicasio, Federico B. Sebastian.
260 _aManila :
260 _bRex Book Store, Inc.,
260 _c1993
300 _a356 pages :
300 _c21 cm.
650 _aPhilippine literature -- History and criticism.
999 _c293600
_d293600